01884naa a2200289 i 4500001000400000003000400004005001700008008003900025040000800064080001900072100012100091245008600212260001000298500002100308520049100329650002100820650004100841655003000882700011900912700012701031773016601158711008201324700012301406942001301529999001501542952003701557BPPBPK20191005093907.0151203s2003 pl f |100 0 pol cBPK a621.3.037/.049 aPAWŁOWSKI, Piotr.d1996 - .bPolitechnika Koszalińska - Wydział Elektroniki,cKatedra Systemów Elektronicznych aProgramowane połączenia w układach FPMA /cPiotr Pawłowski, Michał Białko. c2003. aDane z autopsji. aW pracy przedstawiona jest koncepcja rozprowadzania sygnałów w mieszanym analogowo-cyfrowym układzie reprogramowalnym zbudowanym z użyciem bramek cyfrowych pracujących w trybie prądowym. Zaprezentowana została koncepcja oraz układy wykonawcze dla realizacji programowalnych połączeń wewnątrz bloków CLB oraz IOB części cyfrowej układu FPMA, jak również pomiędzy tymi blokami, w oparciu o przełączniki macierzowe i multipleksery dostępu do magistral. 0aUkłady scalone. 0aUkłady logiczne programowalne FPGA. 0aMateriały konferencyjne. aBIAŁKO, Michał.d1996 - .bPolitechnika Koszalińska - Wydział Elektroniki,cKatedra Inżynierii Komputerowej aSOŁTAN, Przemysław.d1998 - 2006.bPolitechnika Koszalińska - Wydział Elektroniki,cKatedra Inżynierii Komputerowej iW :tDruga Krajowa Konferencja Elektroniki : materiały konferencji. T. 2/2. -dKoszalin : Wydział Elektroniki Politechniki Koszalińskiej, 2003. -gs. 731-736 aKrajowa Konferencja Elektronikin(2 ;d2003 ;cKołobrzeg, Polska).pKKE'2003 aMaslennikow, Olegd1996 - 2010.bPolitechnika Koszalińska - Wydział Elektroniki,cKatedra Inżynierii Komputerowej cART2UKD c3680d3680 00104070aBPKbBPKo67789yART